000 00337nam a22001457a 4500
008 221212b ||||| |||| 00| 0 eng d
020 _a9781319071240
041 _aeng
080 _2FOURTH EDITION
_a82
082 _a82GRE
100 _a38.1
101 _aGJUH
245 _aFROM INQUIRY ACADEMIC WRITING
_cGREENE S
942 _2udc
_cBK
999 _c59169
_d59169